000 00407pab a2200145 454500
008 180718b2015 xxu||||| |||| 00| 0 eng d
100 _aPhilip, Prateep V.
245 _aExcenomics: an interdisciplinary discipline for inculcating excellence higher education
260 _c2015
300 _ap.109-112.
362 _a18 May
650 _aHigher education
773 _aUniversity News
909 _a107759
999 _c107754
_d107754